000
00339nam a2200145Ia 4500
003
OSt
005
20240205112908.0
008
170523s9999 xx 000 0 und d
020
_a
9788171415915
040
_c
iimt university meerut
100
_a
MATHUR- BL
245
0
_a
MAKING MANAGEMENT
260
_b
ARIHANT PUBLICATION
942
_2
ddc
_c
02
999
_c
297
_d
297